LEADER 01218nam0 2200325 450 001 000022980 005 20090213132614.0 010 $a1558605703 100 $a20090213d1999----km-y0itay50------ba 101 0 $aeng 102 $aUS 105 $ay-------001yy 200 1 $aManaging gigabytes$ecompressing and indexing documents and images$fIan H. Witten, Alistair Moffat, Timothy C. Bell 205 $a2. ed. 210 $aSan Francisco$cMorgan Kaufmann$dc1999 215 $aXXXI, 519 p.$cill.$d25 cm 225 2 $a<>Morgan Kaufmann series in multimedia information and systems 410 0$12001$a<>Morgan Kaufmann series in multimedia information and systems 500 10$aManaging gigabytes$946100 610 1 $aElaboratori elettronici$aProgrammi di compressione 610 1 $aAziende$aDocumenti$aGestione$aProcessi innovativi 676 $a005.746$v20$9Archivi e basi di dati 700 1$aWitten,$bIan H.$4070$028571 701 1$aBell,$bTimothy C.$4070$067745 701 1$aMoffat,$bAlistair$4070$067746 801 0$aIT$bUNIPARTHENOPE$c20090213$gRICA$2UNIMARC 912 $a000022980 951 $aP1 005-M/7$b41149$cPIST$d2009 996 $aManaging gigabytes$946100 997 $aUNIPARTHENOPE LEADER 01147nam--2200337---450 001 990001614510203316 005 20200728063749.0 035 $a000161451 035 $aUSA01000161451 035 $a(ALEPH)000161451USA01 035 $a000161451 100 $a20040428d1973----km-y0itay0103----ba 101 $afre 102 $aBE 105 $aa|||||||001yy 200 1 $a<> expertise des écritures médiévales$erecherche d'une méthode avec application à un manuscrit du 11. siècle$eLe lectionnaire de Lobbes Codex Bruxellensis 18018$fLeon Gilissen 210 $aGand$cÉditions scientifiques E. Story-Scientia$d1973 215 $a175 p.$cill.$d29 cm 225 2 $a<> publications de Scriptorium$v6 410 0$12001$a<> publications de Scriptorium$v6 454 1$12001 461 1$1001-------$12001 606 0 $aScrittura$zSec. 11.$xStudi 700 1$aGILISSEN,$bLeon$0438373 801 0$aIT$bsalbc$gISBD 912 $a990001614510203316 951 $aVI.1.A. 187(VIII P coll. 22/6)$b77263 L.M.$cVIII P 959 $aBK 969 $aUMA 996 $aExpertise des écritures médiévales$9131785 997 $aUNISA LEADER 03225nas 2200553 n 450 001 990008906480403321 005 20240229084246.0 011 $a0035-9254 035 $a000890648 035 $aFED01000890648 035 $a(Aleph)000890648FED01 035 $a000890648 091 $2CNR$aP 00017360 100 $a20161109a19529999km-y0itaa50------ba 101 0 $aeng 102 $aGB 110 $aauu-------- 200 1 $aApplied statistics$e(Print) 207 1$a1952- 210 $aLondon$cRoyal Statistical Society 326 $aTrimestrale 452 0$12001$aJournal of the Royal Statistical Society. Series C, Applied statistics (Online) 517 0 $aJournal of the Royal Statistical Society. Series C, Applied statistics (Print) 530 0 $aApplied statistics 675 $a311 676 $a310 712 02$aRoyal Statistical Society$c 801 0$aIT$bACNP$c20090723 859 4 $uhttp://acnp.cib.unibo.it/cgi-ser/start/it/cnr/dc-p1.tcl?catno=9833&person=false&language=ITALIANO&libr=&libr_th=unina1$zBiblioteche che possiedono il periodico 901 $aSE 912 $a990008906480403321 958 $aBiblioteca. Dipartimento Matematico Statistico dell'Università Federico II. Napoli$b1960-1984;1986-$c1964-1966;1968;1974;1976;1980;$eSRS Sc. V p.4-5$fMAS 958 $aBRAU. Biblioteca di Ricerca di Area Umanistica$b1993-2005;$c2000;2005;$eSP - Per. ingl. estinto 173$fFLFBC 958 $aBiblioteca Centrale della Facoltà di Giurisprudenza dell'Università di Napoli Federico II$b1980-1997;$ePer. est. 680 (ECO POL)$fFGBC 958 $aBiblioteca. Dipartimento di Ingegneria dei Trasporti dell'Università Federico II$b1973-1984;$fDINTR 958 $aBiblioteca del Dipartimento di Economia e Politica Agraria. Università degli Studi Federico II di Napoli$b1964-1975;1977-$fDAGEA 959 $aMAS 959 $aFLFBC 959 $aFGBC 959 $aDINTR 959 $aDAGEA 996 $aAPPLIED statistics$9117652 997 $aUNINA AP1 8 $6866-01$aNA036 Biblioteca. Dipartimento Matematico Statistico dell'Università Federico II. Napoli$bSRS Sc. V p.4-5$cCDD 001.405$eV. Cintia-Complesso Universitario Monte, 80126 S. Angelo Napoli (NA)$m(081) 675175/76 - 081675011$m081675009$nit AP1 8 $6866-02$aNA072 BRAU. Biblioteca di Ricerca di Area Umanistica$bSP - Per. ingl. estinto 173$ePiazza Bellini 56/60, 80133 Napoli (NA)$m(081) 2533948$nit AP1 8 $6866-03$aNA073 Biblioteca Centrale della Facoltà di Giurisprudenza dell'Università di Napoli Federico II$bPer. est. 680 (ECO POL)$eCorso Umberto I, 80138 Napoli (NA)$m0812537531/33$m0812537532$nit AP1 8 $6866-04$aNA113 Biblioteca. Dipartimento di Ingegneria dei Trasporti dell'Università Federico II$ev. Claudio,21, Napoli (NA)$m(081) 7683380; fax 610366$nit AP1 8 $6866-05$aNA220 Biblioteca del Dipartimento di Economia e Politica Agraria. Università degli Studi Federico II di Napoli$eVia Università, 96, 80055 Portici (NA)$m081/2539113$m081/7755143$nit AP2 40$aacnp.cib.unibo.it$nACNP Italian Union Catalogue of Serials$uhttp://acnp.cib.unibo.it/cgi-ser/start/it/cnr/df-p.tcl?catno=9833&language=ITALIANO&libr=&person=&B=1&libr_th=unina&proposto=NO